Relaciones laborales, negociación colectiva y pluralismo social / (Record no. 924)

MARC details
000 -LEADER
campo de control de longitud fija 01140nam a2200337Ia 4500
001 - NÚMERO DE CONTROL
campo de control 004776
008 - DATOS DE LONGITUD FIJA--INFORMACIÓN GENERAL
campo de control de longitud fija 221003s1996 xx 000 0 spa d
020 ## - NÚMERO INTERNACIONAL ESTÁNDAR DEL LIBRO
Número Internacional Estándar del Libro 84-7434-918-4
035 ## - NÚMERO DE CONTROL DEL SISTEMA
Número de control de sistema CENDO_925
041 ## - CÓDIGO DE IDIOMA
Código de lengua del texto/banda sonora o título independiente spa
084 ## - OTRO NÚMERO DE CLASIFICACIÓN
Número de clasificación CD-01354
100 ## - ENTRADA PRINCIPAL--NOMBRE DE PERSONA
Nombre de persona VALDES DAL-RE, Fernando
9 (RLIN) 1891
245 #0 - MENCIÓN DEL TÍTULO
Título Relaciones laborales, negociación colectiva y pluralismo social /
Mención de responsabilidad, etc. Fernando Valdés Dal-Ré
260 ## - PUBLICACIÓN, DISTRIBUCIÓN, ETC.
Lugar de publicación, distribución, etc. Madrid :
Nombre del editor, distribuidor, etc. Ministerio de Trabajo y Seguridad Social, Centro de Publicaciones,
Fecha de publicación, distribución, etc. D.L. 1996
300 ## - DESCRIPCIÓN FÍSICA
Extensión 584 p. ;
Dimensiones 22 cm
490 ## - MENCIÓN DE SERIE
Mención de serie Informes y estudios
Signatura topográfica de la Biblioteca del Congreso Relaciones Laborales ;
Designación de volumen o secuencia 16
650 ## - PUNTO DE ACCESO ADICIONAL DE MATERIA--TÉRMINO DE MATERIA
Término de materia o nombre geográfico como elemento de entrada RELACIONES LABORALES
9 (RLIN) 54
650 #0 - PUNTO DE ACCESO ADICIONAL DE MATERIA--TÉRMINO DE MATERIA
Término de materia o nombre geográfico como elemento de entrada NEGOCIACION COLECTIVA
9 (RLIN) 74
650 ## - PUNTO DE ACCESO ADICIONAL DE MATERIA--TÉRMINO DE MATERIA
Término de materia o nombre geográfico como elemento de entrada LEGISLACION
9 (RLIN) 111
650 ## - PUNTO DE ACCESO ADICIONAL DE MATERIA--TÉRMINO DE MATERIA
Término de materia o nombre geográfico como elemento de entrada ESPAÑA
9 (RLIN) 9
650 #0 - PUNTO DE ACCESO ADICIONAL DE MATERIA--TÉRMINO DE MATERIA
Término de materia o nombre geográfico como elemento de entrada CONVENIO COLECTIVO
9 (RLIN) 297
650 ## - PUNTO DE ACCESO ADICIONAL DE MATERIA--TÉRMINO DE MATERIA
Término de materia o nombre geográfico como elemento de entrada INDUSTRIA DE LA CONSTRUCCION
9 (RLIN) 1153
710 ## - ENTRADA AGREGADA--NOMBRE DE ENTIDAD CORPORATIVA
Nombre de entidad corporativa o nombre de jurisdicción como elemento de entrada ESPAÑA
Unidad subordinada Ministerio de Trabajo y Seguridad Social
-- Centro de Publicaciones
9 (RLIN) 582
901 ## - ELEMENTOS DE DATOS A LOCAL LDA (RLIN)
a 1
903 ## - ELEMENTOS DE DATOS C LOCAL, LDC (RLIN)
a NO
904 ## - ELEMENTOS DE DATOS D LOCAL, LDD (RLIN)
a 000
953 ## -
-- 1996-12-05
-- MONOGRAFIA
-- Donación del Ministerio de Trabajo y Seguridad Social
-- CD-01354
910 ## - DATOS DE OPCIÓN DEL USUARIO (OCLC)
Datos de opción del usuario 1996
942 ## - ELEMENTOS DE ENTRADA SECUNDARIOS (KOHA)
Tipo de ítem Koha Monografía
Holdings
Estatus retirado Estado de pérdida Estado de daño No para préstamo Biblioteca de origen Biblioteca actual Fecha de adquisición Fuente de adquisición Total de préstamos Signatura topográfica completa Código de barras Visto por última vez Precio de reemplazo Tipo de ítem Koha
        CENDO CENDO 05/12/1996 Donación del Ministerio de Trabajo y Seguridad Social   CD-01354 CENDO_925 05/10/2022 05/10/2022 Monografía